IAS 2 - Zásoby
Zásoby patria k základnému okruhu problémov riešených v rámci Medzinárodných účtovných štandardov (IAS 2). Cieľ štandardu. Charakteristika, postup účtovania a oceňovanie zásob. Oceňovacie vzorce (techniky). Zverejňovanie údajov. Porovnanie so slovenskou právnou úpravou.
Salvato in:
| Autore principale: | |
|---|---|
| Natura: | Capitolo di libro |
| Lingua: | slovacco |
| Soggetti: | |
| Tags: |
Nessun Tag, puoi essere il primo ad aggiungerne!!
|
MARC
| LEADER | 00000naa a2200000 4500 | ||
|---|---|---|---|
| 001 | r043125 | ||
| 005 | 20231002073940.1 | ||
| 041 | 0 | |a slo | |
| 044 | |a SK | ||
| 245 | 1 | 0 | |a IAS 2 - Zásoby |c Jarmila Krasňanská |
| 520 | |a Zásoby patria k základnému okruhu problémov riešených v rámci Medzinárodných účtovných štandardov (IAS 2). Cieľ štandardu. Charakteristika, postup účtovania a oceňovanie zásob. Oceňovacie vzorce (techniky). Zverejňovanie údajov. Porovnanie so slovenskou právnou úpravou. | ||
| 610 | 2 | 0 | |a štandardy účtovné medzinárodné |
| 610 | 2 | 0 | |a zásoby |
| 610 | 2 | 0 | |a účtovanie |
| 610 | 2 | 0 | |a oceňovanie |
| 610 | 2 | 0 | |a úpravy právne |
| 610 | 2 | 0 | |a Slovensko |
| 610 | 2 | 0 | |a IAS 2 |
| 100 | 1 | |a Krasňanská, Jarmila | |